LEADER 00877nam a22002411i 4500 001 991001283259707536 005 20021206151002.0 008 021206s1972 it |||||||||||||||||ita 035 $ab12125635-39ule_inst 035 $aARCHE-021543$9ExL 040 $aDip.to Filologia Ling. e Lett.$bita$cA.t.i. Arché s.c.r.l. Pandora Sicilia s.r.l. 100 1 $aGarde, Paul$0198324 245 10$aIntroduzione ad una teoria dell'accento /$cPaul Garde 260 $aRoma :$bOfficina,$c1972 300 $a166 p. ;$c22 cm 440 0$aOfficina.$pLinguistica ;$v1 650 4$aLinguistica 907 $a.b12125635$b02-04-14$c01-04-03 912 $a991001283259707536 945 $aLE008 L.Glott. H 269$g1$i2008000485894$lle008$o-$pE0.00$q-$rl$s- $t0$u0$v0$w0$x0$y.i1243999x$z01-04-03 996 $aAccent$938267 997 $aUNISALENTO 998 $ale008$b01-04-03$cm$da $e-$fita$git $h0$i1